00434cam a2200157ua 45000010005000000080039000050200018000440400009000620820009000712450054000802600051001343000014001856530012001996530035002117000030002465826131023n ii |||gr||||Z||||||eng a81-8069-179-9 cMAIN a995411aBritish Forest Policy in AssamcBy Rajib Handique aNew Delhi:bConcept Publishing Company,c2004. axix,188p. aHistory aBritish Forest Policy in Assam1 aHandique,Rajib,eAuthor.,